Statistics for City world records

Click here to take the quiz!

General Stats

  • This quiz has been taken 39 times
  • The average score is 4 of 16

Answer Stats

HintAnswer% Correct
City with the most skyscrapersHong-Kong
79%
City with the most fountainsRome
74%
City with the most high-rise buildingsMoscow
65%
Most polluted cityDelhi
53%
City with the highest population densityManila
35%
City with the highest murder rateCaracas
35%
City with the deepest metro underground railwayPyongyang
18%
City with the world's tallest church buildingUlm
15%
City with the world's tallest Ferris wheelLas Vegas
12%
City with the most white marble buildingsAshgabat
9%
World's lowest city by elevationJericho
6%
City with the world's tallest flagpoleJeddah
6%
Northernmost city with more than 100,000 peopleNorilsk
3%
City with the world's tallest lamppostsMuscat
3%
City with the world's largest city squareDalian
3%
City with the world's largest pipe organAtlantic city
3%

Score Distribution

Percentile by Number Answered

Percent of People with Each Score

Your Score History

You have not taken this quiz